Which U.S State by picture #3 - Statistics

General Stats
  • This quiz has been taken 16 times
  • The average score is 6 of 9
Answer Stats
Picture Answer % Correct
Pennsylvania
100%
Idaho
92%
Utah
83%
Mississippi
58%
South Carolina
58%
Virginia
58%
Wisconsin
58%
Indiana
42%
Michigan
33%
No matching quizzes found
Score Distribution
Percent of People with Each Score
Percentile by Number Answered
Your Score History
You have not taken this quiz